000 00580nam a2200205 4500
003 OSt
005 20240722053212.0
006 a
008 240722b |||||||| |||| 00| 0 eng d
020 _a9780071267885
040 _aDWCL-Main lib.
_cOC
082 _aCirc. 336 R813p 2010
100 _aRosen, Harvey S.
245 _aPublic finance /
260 _aN.Y. :
_bMcGraw-hil Higher Education,
_cc2010.
300 _axxii,
_b595p. : ill. ;
_c26 cm.
504 _aIncludes bibliographical references & index.
650 _a1. Public finance.
942 _2ddc
_n0
_cBK-CIRC
_kCirc.
999 _c2512
_d2512